| 000 | 00613nam a22002177a 4500 | ||
|---|---|---|---|
| 999 |
_c1789 _d1789 |
||
| 001 | 11127 | ||
| 003 | BD-DhUAP | ||
| 005 | 20210127091934.0 | ||
| 008 | 200216r20051990bg ||||| |||| 001 0 eng d | ||
| 040 |
_aBD-DhUAP _bEng _cBD-DhUAP _dBD-DhUAP |
||
| 082 |
_223 _a345.549205 DLR |
||
| 245 |
_aDLR's 40-years criminal digest : _b(1949-1988). |
||
| 260 |
_aDhaka : _bDhaka Law reports, _c1990 [Reprinted 2005]. |
||
| 300 |
_aparts ; _c25 cm. |
||
| 500 | _aIncludes index. | ||
| 505 | _aP. 2-- | ||
| 650 |
_aCriminal law _zBangladesh. |
||
| 650 | _aCriminal law . | ||
| 710 | _aDhaka Law Reports. | ||
| 942 |
_2ddc _cBK |
||